|
|
|
|
| LEADER |
01560nam a2200397 a 4500 |
| 001 |
nkc20132454428 |
| 003 |
CZ PrNK |
| 005 |
20130515110023.0 |
| 007 |
ta |
| 008 |
130403s2012 xr a f 000 0 cze |
| 015 |
|
|
|a cnb002454428
|
| 020 |
|
|
|a 978-80-210-6014-2
|q (brož.)
|
| 035 |
|
|
|a (OCoLC)842346374
|
| 040 |
|
|
|a BOA001
|b cze
|
| 072 |
|
7 |
|a 004.9
|x Speciální počítačové metody. Počítačová grafika
|2 Konspekt
|9 23
|
| 080 |
|
|
|a 004:91
|2 MRF
|
| 080 |
|
|
|a (048.8:082)
|2 MRF
|
| 100 |
1 |
|
|a Konečný, Milan,
|d 1948-
|7 ola2003200937
|4 aut
|
| 245 |
1 |
0 |
|a Datové infrastruktury pro prostorově informační společnost /
|c Milan Konečný, Petr Kubíček a kolektiv
|
| 250 |
|
|
|a 1. vyd.
|
| 260 |
|
|
|a Brno :
|b Masarykova univerzita,
|c 2012
|
| 300 |
|
|
|a 97 s. :
|b il. ;
|c 25 cm
|
| 500 |
|
|
|a 200 výt.
|
| 504 |
|
|
|a Obsahuje bibliografii a bibliografické odkazy
|
| 650 |
0 |
7 |
|a geoinformatika
|7 ph340655
|2 czenas
|
| 650 |
0 |
9 |
|a geoinformatics
|2 eczenas
|
| 655 |
|
7 |
|a kolektivní monografie
|7 fd501537
|2 czenas
|
| 655 |
|
9 |
|a collective monographs
|2 eczenas
|
| 700 |
1 |
|
|a Kubíček, Petr,
|d 1963-
|7 mub2011634321
|4 aut
|
| 910 |
2 |
|
|a BOA001
|b 2-1302.840
|
| 990 |
|
|
|a BK
|
| 995 |
|
|
|a 01
|
| 991 |
|
|
|b 201304
|c NOV
|j 004.9 KON
|e n
|
| 996 |
6 |
|
|b 2610544423
|c 2-1302.840
|l MZK
|r Sklad / do 1 hodiny
|n 2
|p p.v.
|w 001321255
|u 000010
|a 1
|e BOA001
|j MZK50
|s P
|
| 996 |
7 |
|
|b 2610544424
|c 2-1302.840
|l MZK
|r Sklad / do 1 hodiny
|n 0
|p p.v.
|w 001321255
|u 000020
|a 1
|e BOA001
|j MZK50
|s A
|
| 996 |
7 |
|
|b 2610545756
|c 2-1302.840
|l MZK
|r Sklad / do 1 hodiny
|n 1
|p kup
|w 001321255
|u 000030
|a 1
|e BOA001
|j MZK50
|s A
|